All-Star Casts II Quiz Stats

Quiz Updated Dec 17, 2017

Also try: All-Star Casts
Challenge
Share
Tweet
Embed
Score 0/0 Timer 00:00
3 Plays Today
Movie Actor % Correct
InceptionLeonardo DiCaprio
88%
X-Men: Days of Future PastHugh Jackman
81.9%
Boogie NightsMark Wahlberg
76.5%
The Expendables 2Sylvester Stallone
74.3%
Love ActuallyHugh Grant
73.6%
The Hateful EightSamuel L. Jackson
72%
X-Men: Days of Future PastPatrick Stewart
69.9%
X-Men: Days of Future PastHalle Berry
68.3%
The Hateful EightQuentin Tarantino
66.7%
X-Men: Days of Future PastJennifer Lawrence
65.9%
JFKKevin Costner
62.6%
The Royal TenenbaumsOwen Wilson
61.5%
The Expendables 2Jet Li
61.1%
InceptionEllen Page
60.5%
InceptionChristopher Nolan
59.3%
The Royal TenenbaumsBen Stiller
57.1%
Boogie NightsBurt Reynolds
56.5%
The Royal TenenbaumsGwyneth Paltrow
56.1%
X-Men: Days of Future PastIan McKellen
55.5%
The Royal TenenbaumsGene Hackman
55.3%
JFKOliver Stone
54.4%
InceptionTom Hardy
54.3%
The Royal TenenbaumsWes Anderson
53.5%
InceptionJoseph Gordon-Levitt
52.6%
Boogie NightsJulianne Moore
52.5%
Boogie NightsPaul Thomas Anderson
52.2%
Boogie NightsHeather Graham
50.9%
Movie Actor % Correct
X-Men: Days of Future PastJames McAvoy
50.6%
Love ActuallyEmma Thompson
49.2%
The Hateful EightKurt Russell
49.1%
The Expendables 2Arnold Schwarzenegger
47.6%
X-Men: Days of Future PastMichael Fassbender
47.1%
Love ActuallyLiam Neeson
46.9%
Love ActuallyKeira Knightley
46.1%
The Expendables 2Jason Statham
46%
Boogie NightsPhilip Seymour Hoffman
43.9%
The Expendables 2Bruce Willis
43.5%
The Royal TenenbaumsBill Murray
43.1%
Love ActuallyColin Firth
42.1%
Love ActuallyBill Nighy
41.8%
Love ActuallyAlan Rickman
40.6%
Love ActuallyBilly Bob Thornton
39.6%
The Thin Red LineSean Penn
37.7%
The Hateful EightJennifer Jason Leigh
37.1%
Boogie NightsJohn C. Reilly
36.5%
X-Men: Days of Future PastBryan Singer
34.6%
The Expendables 2Dolph Lundgren
34.3%
The Royal TenenbaumsAnjelica Huston
33%
InceptionCillian Murphy
32.2%
JFKTommy Lee Jones
32.1%
InceptionMarion Cotillard
32%
InceptionMichael Caine
31.8%
X-Men: Days of Future PastPeter Dinklage
28.8%
Boogie NightsDon Cheadle
27.4%
Movie Actor % Correct
The Hateful EightChanning Tatum
27.1%
The Hateful EightTim Roth
26.9%
Boogie NightsWilliam H. Macy
26.7%
The Thin Red LineGeorge Clooney
26.1%
JFKGary Oldman
26%
The Expendables 2Jean-Claude Van Damme
25.7%
InceptionKen Watanabe
24.6%
The Royal TenenbaumsDanny Glover
24%
The Thin Red LineTerrence Malick
23.5%
JFKKevin Bacon
21.1%
Love ActuallyRichard Curtis
20.4%
The Hateful EightBruce Dern
19.7%
The Hateful EightMichael Madsen
19.3%
JFKJoe Pesci
17.6%
The Hateful EightWalton Goggins
17.2%
The Thin Red LineJohn Travolta
17%
The Royal TenenbaumsAlec Baldwin
16.4%
The Thin Red LineNick Nolte
16%
The Expendables 2Chuck Norris
15%
The Thin Red LineAdrien Brody
13.8%
JFKDonald Sutherland
13.7%
The Thin Red LineWoody Harrelson
13.3%
JFKJack Lemmon
12.3%
The Thin Red LineJim Caviezel
11.6%
JFKSissy Spacek
10.7%
The Thin Red LineJohn Cusack
10.1%
The Expendables 2Simon West
5.4%

You're not logged in!

Compare scores with friends on all Sporcle quizzes.
Sign Up with Email
OR
Log In

You Might Also Like...

Show Comments

Extras

Top Quizzes Today


Score Distribution

Your Account Isn't Verified!

In order to create a playlist on Sporcle, you need to verify the email address you used during registration. Go to your Sporcle Settings to finish the process.

Report this User

Report this user for behavior that violates our Community Guidelines.

Details: